EK 2024 GERMANY - Statistieken

Algemene statistieken
  • Deze quiz is 46 keer genomen
  • De gemiddelde score is 21 van 24
Antwoordstatistieken
GROEP LAND % Correct
C Engeland
97%
D Nederland
97%
A Duitsland
95%
D Oostenrijk
95%
A Schotland
95%
B Spanje
95%
F België
92%
D Frankrijk
92%
A Hongarije
92%
D Polen
92%
E Portugal
92%
F Slowakije
92%
B Kroatië
89%
C Slovenië
89%
E Turkije
89%
A Zwitserland
89%
B Albanië
87%
C Denemarken
87%
B Italië
87%
F Oekraïne
82%
F Roemenië
82%
C Servië
82%
E Tsjechië
82%
E Georgië
76%
Geen overeenkomende quizzen gevonden
Scoreverdeling
Procent van Mensen met Elke Score
Percentiel versus Aantal Correcte Antwoorden
Uw Scoregeschiedenis
U heeft deze quiz nog niet genomen